000 01173nam a22002057a 4500
005 20240806142209.0
010 _aB-760168 CH-HN
020 _c150.00
_a9789354096761
035 _aB-760168
037 _b उपहार
082 _a822
100 _aचौगांवकर,पद्मा
_969584
245 _aफिर होगी दुनिया सुन्दर /
_cपद्मा चौगांवकरःऋतुश्री द्वारा संपादित
260 _aनई दिल्ली
_bप्रकाशन विभाग
_c2022
270 _aसूचना और प्रसारण मंत्रालय, भारत सरकार, सूचना भवन, सी.जी.ओ.काँम्प्लेक्स, लोदी रोड
_bनई दिल्ली
_e110003
300 _a66पृ.:
_c24सेमी (अजिल्द)
_bसचित्र
700 _aऋतुश्री
_969552
942 _2ddc
_cCH
_h822
_mचौगांव
999 _c204881
_d204881